000 00799nam a2200289 4500
001 112846
003 ES-MaBCM
005 20241016140655.0
008 051024s1974 esp spa d
017 _aM.5939-1974
020 _a84-334-0106-8
021 _axx
035 _a(OCoLC)1132668838
035 _a(OCoLC)1132668838
040 _cES-MaBCM
041 0 _aspa
100 1 _aGonzález Muñiz, Miguel Ángel
_919731
245 1 0 _aProblemas de la segunda república
_cMiguel A. González Muñiz
260 _aMadrid :
_bJucar,
_c1974
300 _a411 p.
_c20 cm
440 3 _aLa vela latina
_9105921
_pHistoria
_v18
650 7 _aSituación social
_960284
650 2 7 _aSituación económica
_960280
650 2 4 _a1931-1936
_956579
651 2 4 _aEspaña
_9115342
942 _cBK
999 _c112846
_d112846